书目信息 |
| 题名: |
大学生数学竞赛指南
|
|
| 作者: | 李汉龙 , 隋英 主编 | |
| 分册: | ||
| 出版信息: | 北京 国防工业出版社 2014.09 |
|
| 页数: | 350页 | |
| 开本: | 26cm | |
| 丛书名: | ||
| 单 册: | ||
| 中图分类: | O13 | |
| 科图分类: | ||
| 主题词: | 高等数学--gao deng shu xue--高等学校--教学参考资料 | |
| 电子资源: | ||
| ISBN: | 978-7-118-09660-6 | |
| 000 | 01016nam0 2200265 450 | |
| 001 | CAL 0120141407623 | |
| 005 | 20150826142537.90 | |
| 010 | @a978-7-118-09660-6@dCNY45.00 | |
| 100 | @a20141011d2014 em y0chiy50 ea | |
| 101 | 0 | @achi |
| 102 | @aCN@b110000 | |
| 105 | @aa a 000yy | |
| 106 | @ar | |
| 200 | 1 | @a大学生数学竞赛指南@Ada xue sheng shu xue jing sai zhi nan@f主编李汉龙, 隋英 |
| 210 | @a北京@c国防工业出版社@d2014.09 | |
| 215 | @a350页@c图@d26cm | |
| 320 | @a有书目 (第350页) | |
| 330 | @a本书是为各类本科院校开展大学数学竞赛活动和参加中国大学生数学竞赛的指导培训而编写的, 是作者在大学数学竞赛培训经验基础上结合最新的竞赛题编写而成的。全书分为5章, 内容涵盖了全国大学生数学竞赛要求内容, 包括: 大学数学竞赛概述、高等数学、数学分析、线性代数等。 | |
| 586 | @a | |
| 606 | 0 | @a高等数学@Agao deng shu xue@x高等学校@j教学参考资料 |
| 690 | @aO13@v5 | |
| 701 | 0 | @a李汉龙@Ali han long@4主编 |
| 701 | 0 | @a隋英@Asui ying@4主编 |
| 801 | 0 | @aCN@c20150820 |
| 905 | @a河南城建学院图书馆@dO13@eL1703@f3 | |
| 大学生数学竞赛指南/主编李汉龙, 隋英.-北京:国防工业出版社,2014.09 |
| 350页:图;26cm |
| ISBN 978-7-118-09660-6:CNY45.00 |
| 本书是为各类本科院校开展大学数学竞赛活动和参加中国大学生数学竞赛的指导培训而编写的, 是作者在大学数学竞赛培训经验基础上结合最新的竞赛题编写而成的。全书分为5章, 内容涵盖了全国大学生数学竞赛要求内容, 包括: 大学数学竞赛概述、高等数学、数学分析、线性代数等。 |
| ● |
| 相关链接 |
|
|
|
正题名:大学生数学竞赛指南
索取号:O13/L1703
 
预约/预借
| 序号 | 登录号 | 条形码 | 馆藏地/架位号 | 状态 | 备注 |
| 1 | 1224641 | 212246416 | 自科库401/401自科库 106排6列1层/ [索取号:O13/L1703] | 在馆 | |
| 2 | 1224642 | 212246425 | 自科库401/401自科库 106排6列1层/ [索取号:O13/L1703] | 在馆 | |
| 3 | 1224643 | 212246434 | 自科库401/401自科库 106排6列1层/ [索取号:O13/L1703] | 在馆 |